书目信息 |
| 题名: |
漫谈癌症的预防
|
|
| 作者: | 陆建邦 主编 | |
| 分册: | ||
| 出版信息: | 北京 科学出版社 1998.10 |
|
| 页数: | 272页 | |
| 开本: | 32开 | |
| 丛书名: | ||
| 单 册: | ||
| 中图分类: | R730.1 | |
| 科图分类: | ||
| 主题词: | 肿瘤学 | |
| 电子资源: | ||
| ISBN: | 7-03-006029-6 | |
| 000 | 00545nam0 2200193 45 | |
| 001 | 0009051683 | |
| 005 | 20001202153636.5 | |
| 010 | @a7-03-006029-6@d10.00元 | |
| 100 | @a20000905d1998 km y0chiy0120 ea | |
| 101 | 0 | @achi |
| 105 | @a z 000yy | |
| 200 | 1 | @a漫谈癌症的预防@AMan Tan Ai Zheng De Yu Fang@f陆建邦主编@FLu Jian Bang Zhu Bian |
| 210 | @a北京@c科学出版社@d1998.10 | |
| 215 | @a272页@d32开 | |
| 606 | 0 | @a肿瘤学 |
| 690 | @aR730.1@v3 | |
| 701 | 0 | @a陆建邦@4主编 |
| 801 | @aCN@bPftUser@c20000905 | |
| 905 | @dR730.1@eL035@b510077-081@f5 | |
| 漫谈癌症的预防/陆建邦主编.-北京:科学出版社,1998.10 |
| 272页;32开 |
| ISBN 7-03-006029-6:10.00元 |
| ● |
| 相关链接 |
|
|
|
正题名:漫谈癌症的预防
索取号:R730.1/L035
 
预约/预借
| 序号 | 登录号 | 条形码 | 馆藏地/架位号 | 状态 | 备注 |
| 1 | 510077 | 205100772 | 自科二线504/504自科库 39排2列1层/ [索取号:R730.1/L035] | 在馆 | |
| 2 | 510078 | 205100781 | 自科二线504/504自科库 39排2列1层/ [索取号:R730.1/L035] | 在馆 | |
| 3 | 510079 | 205100790 | 自科库401/401自科库 20排4列1层/ [索取号:R730.1/L035] | 在馆 | |
| 4 | 510080 | 205100807 | 自科二线504/504自科库 39排2列1层/ [索取号:R730.1/L035] | 在馆 | |
| 5 | 510081 | 205100816 | 自科库401/401自科库 20排4列1层/ [索取号:R730.1/L035] | 在馆 |